000 00799nam a2200181Ia 4500
008 151202s9999||||xx |||||||||||||| ||und||
082 _bPNVM-91005
100 _aकेळकर इंदुमती
245 _aराममनोहर लोहिया
260 _b"नॅशनल बुक ट्रस्ट,इंडिया नेहरू भवन,५ इन्स्टिटुशनल एरिया,फेज २,वसंत कुंज नवी दिल्ली-११००७०"
260 _c2013
300 _a174
600 _aकेळकर इंदुमती
630 _aराममनोहर लोहिया
700 _aकेळकर इंदुमती
730 _aराममनोहर लोहिया
942 _cBOOK
999 _c1350689
_d1350686